[Franz Schön; Dietrich Scholze (Hrsg.):Sorbisches Kulturlexikon]
| Titel: | [Franz Schön; Dietrich Scholze (Hrsg.):Sorbisches Kulturlexikon] / Bulisch, Jens |
|---|---|
| Verfasser: | |
| In: |
Zeitschrift für Slawistik, Band 60, Heft 1 (2015), Seite 157-162 alle Artikel anzeigen |
| Veröffentlicht: | 2015 |
| Format: | Aufsatz |
| Sprache: | Deutsch |
X
alg: 42655669 001A $03025:20-02-18 001B $01999:27-07-21 $t17:20:05.000 001C $03025:20-02-18 $t14:48:22.000 001D $03025:20-02-18 001U $0utf8 001X $00 002@ $0Oou 002C $aText $btxt $2rdacontent 002D $aComputermedien $bc $2rdamedia 002E $aOnline-Ressource $bcr $2rdacarrier 003@ $0426556690 004P $010.1515/slaw-2015-0013 007A $0426556690 $aHEB 010@ $ager 010E $erda 011@ $a2015 013D $#Newspapers Sections, columns, etc. Reviews $#Book reviewing $#Journaux Cahiers, chroniques, etc. Comptes rendus $#Livres Recension $#Rezension $#Buchbesprechung $#Buchrezension $#Buchkritik $74049712-4 $8Rezension [Ts1] $9085138568 021A $a[Franz Schön; Dietrich Scholze (Hrsg.):Sorbisches Kulturlexikon] $hBulisch, Jens 028A $BVerfasser $#Bulisch, Bernd Jens $4aut $7126263000 $8Bulisch, Jens$Z1972- [Tp3] $9156828286 031A $d60 $e1 $h157-162 $j2015 039B $aEnthalten in $8--Obvc--. Zeitschrift für Slawistik. - Berlin : De Gruyter, 1956-. - Online-Ressource. - ISSN 2196-7016 $x201500000600001843 $9201613530 039T $8--Aau--. Sorbisches Kulturlexikon. - 1. Auflage. - Bautzen : Domowina-Verlag, 2014. - 579 Seiten. - Illustrationen. - ISBN 978-3-7420-2229-5 $9335801544 045F $a900.94385 $eDDC23BSB 045F/01 $a900 045F/03 $g4385 045T $a7,41 045T $aSLAW $qDE-1a $2FID lok: 42655669 78 exp: 42655669 78 1 #EPN 201B/01 $020-02-18 $t14:48:22.000 201C/01 $020-02-18 201U/01 $0utf8 203@/01 $01018350144 208@/01 $a20-02-18 $be 209A/01 $a/ $f000 $x00 209A/01 $ab*p $x01 220C/01 $apgar 244Z/01 $#Schlesien $#Schlesien $#Herzogtum Schlesien $#Herzogtum Schlesien Schlesien $#Provinz Schlesien $#Śla̜sk $#Slezsko $#Silesia $74052678-1 $8--Tg1--Schlesien $x01 $9085146781 244Z/01 $#Germania Slavica $#"Germania Slavica" $#Germania Slavica $#Germania Slavica $#Germania Slavica $#Germania Slavica $#Germania Slavica $8--Trx--Germania Slavica $x02 $9391371002 247C/01 $82080>Marburg/Lahn, Herder-Institut, Forschungsbibliothek, Bibliographieportal $9336309341
| LEADER | 00000caa a2200000 c 4500 | ||
|---|---|---|---|
| 001 | 426556690 | ||
| 003 | DE-603 | ||
| 005 | 20210727172005.0 | ||
| 007 | cr|||||||||||| | ||
| 008 | 180220s2015 xx |||| o| u00||u|ger c | ||
| 024 | 7 | |a 10.1515/slaw-2015-0013 |2 doi | |
| 035 | |a (DE-599)HEB426556690 | ||
| 040 | |a DE-603 |b ger |c DE-603 |d DE-603 |e rda | ||
| 041 | |a ger | ||
| 082 | 0 | 4 | |8 1\u |a 900.94385 |q DE-101 |2 23/BSB |
| 084 | |a 7,41 |2 ssgn | ||
| 084 | |a SLAW |q DE-1a |2 fid | ||
| 085 | |8 1\u |b 900 | ||
| 085 | |8 1\u |z 2 |s 4385 | ||
| 100 | 1 | |a Bulisch, Jens |d 1972- |e Verfasser |4 aut |0 (DE-603)156828286 |0 (DE-588)126263000 |2 gnd | |
| 245 | 0 | 0 | |a [Franz Schön; Dietrich Scholze (Hrsg.):Sorbisches Kulturlexikon] |c Bulisch, Jens |
| 264 | 0 | |c 2015 | |
| 336 | |a Text |b txt |2 rdacontent | ||
| 337 | |a Computermedien |b c |2 rdamedia | ||
| 338 | |a Online-Ressource |b cr |2 rdacarrier | ||
| 655 | 7 | |a Rezension |2 gnd-content |0 (DE-588)4049712-4 |0 (DE-603)085138568 | |
| 773 | 0 | 8 | |i Enthalten in |t Zeitschrift für Slawistik |d Berlin : De Gruyter, 1956- |h Online-Ressource |x 2196-7016 |g Band 60, Heft 1 (2015), Seite 157-162 |w (DE-603)201613530 |w (DE-600)2434774-7 |
| 787 | 0 | 8 | |i Rezension von |t Sorbisches Kulturlexikon |b 1. Auflage |d Bautzen : Domowina-Verlag, 2014 |h 579 Seiten, Illustrationen |z 9783742022295 |w (DE-603)335801544 |
| 924 | 1 | |9 2080 |a (DE-603)1018350144 |b DE-2080 |c HES |d d |g / | |


